[Event "Provence-ch access Meyreuil 9798"]
[Site "France"]
[Date "1997.??.??"]
[Round "1"]
[White "Osman, Mehdi"]
[Black "Garcia, Christophe"]
[Result "0-1"]
[WhiteElo "1790"]
[BlackElo "1890"]
[PlyCount "72"]
[EventDate "1997.??.??"]
[EventType "tourn"]
[EventRounds "9"]
[EventCountry "FRA"]
[SourceTitle "EXT 2005"]
[Source "ChessBase"]
[SourceDate "2004.11.15"]
[SourceVersion "1"]
[SourceVersionDate "2004.11.15"]
[SourceQuality "1"]

1. d4 Nf6 2. c4 e6 3. Nc3 d5 4. Bg5 Nbd7 5. e3 c6 6. Nf3 Bb4 7. a3 Bxc3+ 8. bxc3 Qa5 9. Qb3 dxc4 10. Bxc4 0-0 11. Bxf6 Nxf6 12. 0-0 Ne4 13. Rfc1 Qh5 14. Qc2 f5 15. Be2 Rf6 16. Ne5 Qh4 17. g3 Qh6 18. Bf3 Ng5 19. Bg2 Nf7 20. Nxf7 Kxf7 21. Rab1 g5 22. f4 Qh5 23. c4 Rh6 24. Kf2 b6 25. Rh1 Bb7 26. d5 gxf4 27. dxc6 fxe3+ 28. Kxe3 f4+ 29. gxf4 Qc5+ 30. Ke2 Bxc6 31. Bxc6 Qxc6 32. Kf2 Rg8 33. Qc1 Rg2+ 34. Ke3 Rh3+ 35. Kd4 Qc5+ 36. Ke4 Re2+ 0-1

[Event "Provence-ch Majeur op 9697"]
[Site "France"]
[Date "1996.??.??"]
[Round "3"]
[White "Zazzi, Dimitri"]
[Black "Garcia, Christophe"]
[Result "0-1"]
[WhiteElo "1830"]
[BlackElo "1820"]
[PlyCount "82"]
[EventDate "1996.??.??"]
[EventType "swiss"]
[EventRounds "7"]
[EventCountry "FRA"]
[SourceTitle "EXT 2005"]
[Source "ChessBase"]
[SourceDate "2004.11.15"]
[SourceVersion "1"]
[SourceVersionDate "2004.11.15"]
[SourceQuality "1"]

1. e4 e5 2. Nf3 Nc6 3. Bc4 Bc5 4. b4 Bxb4 5. c3 Bc5 6. d4 exd4 7. cxd4 Bb4+ 8. Kf1 Qe7 9. a3 Ba5 10. Bb2 f6 11. Bxg8 Rxg8 12. d5 Ne5 13. Nxe5 fxe5 14. Qh5+ g6 15. Qxe5 Qxe5 16. Bxe5 d6 17. Bc3 Bb6 18. Nd2 Bd7 19. a4 c5 20. Ke2 Rf8 21. Rhb1 Rb8 22. e5 Bf5 23. Rb2 Kd7 24. e6+ Ke7 25. f3 g5 26. Nc4 Bc7 27. Ne3 Bg6 28. g3 b6 29. Bg7 Bd8 30. Bxf8+ Kxf8 31. Rba2 Bf6 32. Rc1 a6 33. Nc4 Ke7 34. Kd2 Bd4 35. Ra3 g4 36. Rb3 b5 37. Na5 c4 38. Nc6+ Kf8 39. Nxb8 cxb3 40. Rc8+ Kg7 41. Rc1 b2 0-1

[Event "Provence-ch access Meyreuil 9596"]
[Site "France"]
[Date "1995.??.??"]
[Round "1"]
[White "Battaglia, Gerard"]
[Black "Garcia, Christophe"]
[Result "0-1"]
[WhiteElo "1850"]
[BlackElo "1770"]
[PlyCount "66"]
[EventDate "1995.??.??"]
[EventType "tourn"]
[EventRounds "9"]
[EventCountry "FRA"]
[SourceTitle "EXT 2005"]
[Source "ChessBase"]
[SourceDate "2004.11.15"]
[SourceVersion "1"]
[SourceVersionDate "2004.11.15"]
[SourceQuality "1"]

1. d4 Nf6 2. c4 e6 3. Nf3 d5 4. g3 c6 5. Bg2 Nbd7 6. Qc2 Bb4+ 7. Nbd2 Ne4 8. 0-0 Nxd2 9. Nxd2 Nf6 10. Rd1 0-0 11. Nf1 Re8 12. Bg5 h6 13. Bxf6 Qxf6 14. Ne3 h5 15. Rd3 Bd6 16. Rad1 g6 17. Qa4 Qe7 18. Bf3 Bd7 19. c5 Bc7 20. b4 h4 21. Ng4 hxg3 22. hxg3 Qg5 23. Re3 f6 24. Kg2 Kg7 25. Rh1 e5 26. dxe5 fxe5 27. b5 cxb5 28. Qb4 a5 29. Qb2 Bxg4 30. Bxd5 b4 31. Rh4 Rab8 32. f4 Qd8 33. Be4 Qd4 0-1

[Event "Provence-ch access Meyreuil 9596"]
[Site "France"]
[Date "1995.??.??"]
[Round "9"]
[White "Garcia, Christophe"]
[Black "Metras, Dominique"]
[Result "1/2-1/2"]
[WhiteElo "1770"]
[BlackElo "1870"]
[PlyCount "74"]
[EventDate "1995.??.??"]
[EventType "tourn"]
[EventRounds "9"]
[EventCountry "FRA"]
[SourceTitle "EXT 2005"]
[Source "ChessBase"]
[SourceDate "2004.11.15"]
[SourceVersion "1"]
[SourceVersionDate "2004.11.15"]
[SourceQuality "1"]

1. e4 c5 2. Nf3 d6 3. d4 cxd4 4. Nxd4 Nf6 5. Nc3 a6 6. f4 Qc7 7. Be2 e6 8. Be3 Be7 9. 0-0 b5 10. a3 Bb7 11. Bd3 Nbd7 12. Qe1 Ng4 13. Bd2 Qb6 14. Be3 Nxe3 15. Qxe3 Nf6 16. Kh1 Ng4 17. Qg3 Qxd4 18. Qxg4 Bf6 19. f5 exf5 20. Qxf5 Qe5 21. Qf3 0-0 22. Rae1 Rae8 23. Qe2 Qc5 24. Nd1 Be5 25. b4 Qc7 26. Ne3 Bc3 27. Rd1 Qe7 28. Nf5 Qe5 29. Qg4 Re6 30. Rf4 d5 31. Ng3 Rg6 32. Qf3 dxe4 33. Nxe4 Bxe4 34. Bxe4 Rd6 35. Bd3 Rf6 36. Rxf6 Qxf6 37. Be4 Rd8 1/2-1/2

[Event "Provence-ch Majeur op 9495"]
[Site "France"]
[Date "1994.??.??"]
[Round "2"]
[White "Garcia, Christophe"]
[Black "Anton, Jose"]
[Result "1/2-1/2"]
[WhiteElo "1730"]
[BlackElo "1800"]
[PlyCount "62"]
[EventDate "1994.??.??"]
[EventType "swiss"]
[EventRounds "9"]
[EventCountry "FRA"]
[SourceTitle "EXT 2005"]
[Source "ChessBase"]
[SourceDate "2004.11.15"]
[SourceVersion "1"]
[SourceVersionDate "2004.11.15"]
[SourceQuality "1"]

1. e4 d5 2. exd5 Nf6 3. d4 Nxd5 4. c4 Nb6 5. Nf3 Bg4 6. c5 N6d7 7. Qb3 Nc6 8. Nbd2 Na5 9. Qa4 Nc6 10. Bb5 Ncb8 11. d5 Bxf3 12. Nxf3 c6 13. dxc6 Nxc6 14. 0-0 Qc8 15. Be3 e6 16. Rac1 Be7 17. b4 0-0 18. Bd3 a6 19. Qb3 Kh8 20. a4 Nce5 21. Be2 Ng6 22. Nd4 e5 23. Nf5 Nf6 24. Nxe7 Nxe7 25. Bc4 Qe8 26. Bg5 Nd7 27. Rfd1 f5 28. b5 Nxc5 29. Qb4 b6 30. bxa6 Nc6 31. Qxb6 Nxa4 1/2-1/2

[Event "Provence-ch Majeur op 9495"]
[Site "France"]
[Date "1994.??.??"]
[Round "5"]
[White "Poggio, Pierre"]
[Black "Garcia, Christophe"]
[Result "1/2-1/2"]
[WhiteElo "1860"]
[BlackElo "1730"]
[PlyCount "96"]
[EventDate "1994.??.??"]
[EventType "swiss"]
[EventRounds "9"]
[EventCountry "FRA"]
[SourceTitle "EXT 2005"]
[Source "ChessBase"]
[SourceDate "2004.11.15"]
[SourceVersion "1"]
[SourceVersionDate "2004.11.15"]
[SourceQuality "1"]

1. d4 e6 2. e4 d5 3. Nc3 Nf6 4. Bg5 dxe4 5. Nxe4 Nbd7 6. Nxf6+ Nxf6 7. Bxf6 Qxf6 8. c3 Bd6 9. Nf3 0-0 10. Bd3 Bd7 11. 0-0 Bc6 12. Re1 Bxf3 13. Qxf3 Qxf3 14. gxf3 c5 15. dxc5 Bxc5 16. Rad1 Rfd8 17. Bc2 Be7 18. Rxd8+ Rxd8 19. Rd1 Rxd1+ 20. Bxd1 b6 21. b3 f5 22. c4 f4 23. Bc2 g5 24. h3 e5 25. Bf5 h5 26. Kf1 h4 27. Ke2 Bc5 28. Be4 Kf7 29. Bd5+ Kf6 30. Be4 Ke6 31. Bd5+ Kd6 32. Be4 Bd4 33. Kd3 Bxf2 34. b4 Be1 35. a3 a5 36. bxa5 bxa5 37. Kc2 Kc5 38. Kb3 Kd4 39. Bb7 g4 40. fxg4 e4 41. c5 Kxc5 42. Bxe4 Kd4 43. Bb7 Ke5 44. Kc4 Kf6 45. Kd4 Kg5 46. a4 Bb4 47. Bf3 Be1 48. Bc6 Bb4 1/2-1/2